Olympischer Medaillenspiegel - Londres 1908 - Statistiken

Allgemein
  • Dieses Quiz wurde 15 mal gespielt
  • Das Durchschnittsergebnis liegt bei 9 aus 12
Antwortstatistiken
Gold Silber Bronze Gesamt Land % Korrekt
23 12 12 47 Vereinigte Staaten
100%
3 5 5 14 Deutschland
93%
3 3 10 16 Kanada
93%
8 6 11 25 Schweden
86%
0 2 3 5 Dänemark
79%
5 5 9 19 Frankreich
79%
56 51 39 146 Großbritannien
79%
1 5 2 8 Belgien
71%
1 2 2 5 Australasien
64%
2 3 3 8 Norwegen
64%
3 4 2 9 Ungarn
50%
1 1 3 5 Finnland
43%
Keine übereinstimmenden Quizze gefunden
Verteilung der Resultate
Anzahl Personen mit jedem Resultat
Perzentil nach korrekt beantworteten Fragen
Ihre Resultats-Entwicklung
Sie haben dieses Quiz noch nicht gespielt